00898nam a2200325Ia 4500008004100000020001800041050000800059050001100067100001600078245002600094245001900120260001600139260001900155260000900174300001700183300001100200440005000211440000800261500010300269650002200372650002200394650001700416650002100433650001700454650001300471650002200484650002200506650002200528650002200550170203s9999 xx 000 0 und d a9781423106111 aFic bG729h  aGrace, N.B. aBattle of the bands / cby N.B. Grace. aNew York :  bDisney Press,  c2007 a142 pages ;  c20 cm. aHigh school musical, stories from East High ; v#1. a"Based on the Disney Channel Original Movie 'High School Musical, ' written by Peter Barsocchini." aBands (Music) --  aBands (Music) --  aContests --  aHigh schools --  aMusicals --  xFiction. xJuvenile fiction. xJuvenile fiction. xJuvenile fiction. xJuvenile fiction.